000 00687 a2200229 4500
003 OSt
005 20180116192336.0
008 120518t xxu||||| |||| 00| 0 eng d
010 _a 2006382195
020 _a2879392861
035 _a(CStRLIN)CTYA7246433-B
035 _a(CtY)7246433
040 _c0
082 _a724.7
100 1 _aRambert, Francis.
_91698
245 1 0 _aArchitecture tomorrow /
_cFrancis Rambert.
260 _aParis, France :
_bTerrail,
_c2005.
300 _a255 p. :
_bill. (some col.) ;
_c30 cm.
650 0 _aArchitecture, Modern
_y21st century.
_91699
942 _aSADA
_cBK
_k724.7 RAM 2005
_2ddc
999 _c352478
_d352478